000 00667nam a22002057a 4500
999 _c143218
_d143218
005 20181127162445.0
010 _aENG-119613
020 _a9879382749172
_c200.00
035 _aEN-103145
037 _bDBAD/PUB
082 _aS
100 _aDas,Jibanananda
245 _aThree Stories /
_cby Jibanananda Das ; transleted by Chanak Chatterji ; foreword by Ranjit Hoskote
260 _aMumbai
_bPoetrywala imprint of paperwall Media & Publishing
_c2016
270 _aD1201,Octacrest,LokhandwalaTownship,Kandivali
_bMumbai
_e400101
300 _axviii,85p.
_b
_c22cm(pbk)
700 _aChatterji,Chanak
700 _aHoskote, Ranjit
942 _2ddc
_cEN
_hS
_mDAS